| 000 | 00332nam a2200109Ia 4500 | ||
|---|---|---|---|
| 008 | 230907s9999||||xx |||||||||||||| ||und|| | ||
| 082 |
_a300.72 _bDEN |
||
| 100 |
_aDenscombe, Martyn. _94239 |
||
| 245 | 4 | _aThe good research guide : | |
| 260 |
_aOpen University Press, _bMaidenhead, Berkshire, England ; | New York : _c2010 |
||
| 942 | _cBK | ||
| 999 |
_c598944 _d598944 |
||